| 000 | 00738nam a2200229Ia 4500 | ||
|---|---|---|---|
| 003 | OSt | ||
| 005 | 20220927105744.0 | ||
| 006 | a|||||r|||| 00| 0 | ||
| 007 | ta | ||
| 008 | 220926b |||||||| |||| 00| 0 eng d | ||
| 024 | _a203623 | ||
| 037 | _cReference Collections | ||
| 040 |
_aRTL _cRTL _beng |
||
| 041 |
_2eng _aeng |
||
| 082 | _a"Y54 (X:8) P13, Q5/GD" | ||
| 100 |
_a"INDIA, COMPTROLLER AND AUDITOR GENERAL" _9374777 |
||
| 245 | 0 |
_aAmmunition management in army _b For the year ended March 2013 |
|
| 260 |
_a"India," _b"Government Press, " _c2015 |
||
| 300 |
_a"vi,73p" _ccm. |
||
| 942 |
_h"Y54 (X:8) P13, Q5/GD" _cCC |
||
| 999 |
_c694435 _d694435 |
||